banner-ar

SOUTH EAST INDIAN DRYPAINTING / (Record no. 19420)

MARC details
000 -الفاتح
حقل البيانات ثابتة الطول 00497nam a2200169Ia 4500
008 - عناصر البيانات ثابتة الطول - معلومات عامة
حقل البيانات ثابتة الطول 140319s9999 xx 000 0 eng d
040 ## - مصدر الفهرسة
وكالة الفهرسة الأصلية GCL /
وكالة النسخ GCL
082 04 - رقم تصنيف ديوى العشرى
رقم التصنيف 751.49
رقم المادة W S
100 1# - المدخل الرئيسى - إسم شخصى
الإسم الشخصى WYMAN, LELAND CLIFTON
245 10 - بيان العنوان
العنوان SOUTH EAST INDIAN DRYPAINTING /
بيان المسئوليه,etc WYMAN, LELAND CLIFTON
260 ## - PUBLICATION, DISTRIBUTION, ETC. (IMPRINT)
تاريخ النشر أو التوزيع 1983
490 ## - بيان السلسلة
عنوان السلسلة SOUTH WEST INDIAN ART SERIES
رقم المجلد/ التعيين التسلسلي 0
650 04 - المدخل الاضافى بالموضوع-مصطلح موضوعى
مصطلح موضوعي INDIANS OF NORTH AMERICA
650 04 - المدخل الاضافى بالموضوع-مصطلح موضوعى
مصطلح موضوعي PAINTING
942 ## - عناصر المدخل الإضافي( كوها)
مصدر التصنيف او مخطط الترفيف Dewey Decimal Classification
Koha [default] item type كتاب
260 ## - PUBLICATION, DISTRIBUTION, ETC. (IMPRINT)
-- [S.N] :
-- SCHOOL OF AMERICAN RESEARCH BOOK ،
Holdings
حالة التراجع حالة الفقد حالة تلف ليس للاعارة المكان المؤقت الموقع الحالى تاريخ الاكتساب اجمالي اﻻعارات رقم الطلب الباركود تاريخ اخر مشاهدة تاريخ تفعيل السعر نوع وعاء كوها
        مكتبة القاهرة الكبرى مكتبة القاهرة الكبرى 03/26/2014   751.49\W S 37038 03/26/2014 03/26/2014 كتاب

Powered By

EGPV